| 000 | 00645nam a2200217 a 4500 | ||
|---|---|---|---|
| 005 | 20240210063558.0 | ||
| 008 | 180122s2015 mx r 000 0 spa d | ||
| 020 | _a9786073236249 | ||
| 035 | _aUPN01000222255 | ||
| 049 | _aCG | ||
| 050 | 4 |
_aBF335 _bG3.2 |
|
| 100 | 1 |
_aGaxiola Romero, José Concepción _941393 |
|
| 245 | 1 | 0 |
_aAdaptación psicológica humana / _cJosé Concepción Gaxiola Romero. |
| 260 |
_aMéxico : _bPearson, _c2015. |
||
| 300 |
_a89 p. : _bfigs., tablas |
||
| 440 | 0 | _aCiencias sociales | |
| 650 | 2 |
_aAdaptación (Psicología) _9404 |
|
| 650 | 2 |
_aPsicología ambiental _915638 |
|
| 905 | _aLibro | ||
| 999 |
_c194352 _d194352 |
||